00813nam a2200157Ia 4500008004100000100001600041245004000057260003900097300000800136650004600144942001500190999001500205952014900220952014900369952013700518191201s2018 xx 000 0 und d aDandiya,P C 0aBiochemistry and clinical Pathology bVallabh PrakashanaNew Delhic2018 a344 aApplied Biochemistry & Clinical Chemistry 2ddccBK04 c8353d8353 00102ddc40708DPaPIETbPIETd2019-03-26eKirti Prakashang255.00kIN 3253l6pDP619r2025-05-06 00:00:00s2025-04-28v206.55w2019-03-18yBK 00102ddc40708DPaPIETbPIETd2019-03-26eKirti Prakashang255.00kIN 3253l4pDP620r2025-10-06 00:00:00s2025-09-23v206.55w2019-03-18yBK 00102ddc40708DPaPIETbPIETd2019-03-26eKirti Prakashang255.00kIN 3253l0pDP621r2020-11-21 00:00:00v206.55w2019-03-18yBK